00896nam a22002657a 45000010005000000030006000050050017000110080041000280200018000690400029000870500015001160820012001311000019001432450074001622500041002362600034002773000045003115050007003565200108003635210018004715210018004896500031005076500060005387000032005987727FISKH20250820101624.0250801b cb ||||| |||| 00| 0 eng d a9780545268493 aFISKHbengcFISKHdFISKH aPZ7.N723 H a 813.54 aNolen, Jerdine aHewitt Anderson's life /cJerdine Nolen ; Illustrated by Kadir Nelson aThis edition first published in 2005 aNew York :bScholastic,c2005 a37 pages :bcolor illustrations ;c28 cm aZ  aWhen tiny Hewitt is born into a family of giants, everyone learns that sometimes small is best of all. 8 a980 bLexile 8 aZ bRaz-Plus  2Kadir NelsonaPicture book 2African AmericanaSocial Interactions and Relationships aNelson, Kadinedillustrator